Lake Taihu, China (Record no. 36089)
[ view plain ]
| 000 -LEADER | |
|---|---|
| fixed length control field | 01477nam a2200361Ia 4500 |
| 245 00 - TITLE STATEMENT | |
| Title | Lake Taihu, China |
| 260 ## - PUBLICATION, DISTRIBUTION, ETC. (IMPRINT) | |
| Place of publication | Dordrecht ; |
| -- | London : |
| Name of publisher | Springer, |
| Year of publication | 2008. |
| 300 ## - PHYSICAL DESCRIPTION | |
| Number of Pages | xiii, 339 p. : |
| Other physical details | ill., map. |
| 490 1# - SERIES STATEMENT | |
| Series statement | Monographiae biologicae ; |
| 650 #0 - SUBJECT ADDED ENTRY--TOPICAL TERM | |
| Topical Term | Lake ecology |
| Topical Term | Water levels |
| Topical Term | Eutrophication |
| Topical Term | Plants |
| Topical Term | Freshwater animals |
| 700 1# - ADDED ENTRY--PERSONAL NAME | |
| Personal name | Qin, Boqiang. |
| 856 40 - ELECTRONIC LOCATION AND ACCESS | |
| Uniform Resource Identifier | http://site.ebrary.com/lib/rucke/Doc?id=10245914 |
No items available.
